Statistics for Movies that Take Place in Washington State

Click here to take the quiz!

General Stats

  • This quiz has been taken 70 times
  • The average score is 2 of 15

Answer Stats

CityYearGenreMovie% Correct
Seattle1993Romantic ComedySleepless in Seattle
98%
Forks2008Romantic FantasyTwilight
72%
Seattle1999Teen Romantic Comedy/Drama10 Things I Hate About You
36%
Spokane2012WarRed Dawn
11%
Whidbey Island1999ThrillerDouble Jeopardy
3%
Seattle2002Crime-DramaTed Bundy
3%
Seattle2008Thriller88 Minutes
2%
Seattle1987Crime-ComedyStakeout
2%
Seattle2007Drama/DocumentaryBattle in Seattle
0%
Spokane2003Action/SuspenseHangman's Curse
0%
Tacoma2009ComedyI Love You, Beth Cooper
0%
Seattle2002Romantic Comedy/DramaLife or Something Like It
0%
Seattle1991Action/CrimeThe Hitman
0%
Seattle2007Science Fiction Adventure DramaThe Last Mimzy
0%
Kitsap2004DramaWalking Tall
0%

Score Distribution

Percentile by Number Answered

Percent of People with Each Score

Your Score History

You have not taken this quiz